| 000 | 00498nam a2200169 4500 | ||
|---|---|---|---|
| 001 | 133022 | ||
| 003 | ES-MaACL | ||
| 005 | 20230906194315.0 | ||
| 007 | t| | ||
| 008 | 070214s1985 sp r ||||1| spa d | ||
| 100 | 1 |
_aRozas Zornoza, Manuel. _9100252 |
|
| 245 | 1 | 0 |
_aIVA _b: tratamiento sectorial y práctico de la Ley y su Reglamento / _cManuel Rozas Zornoza. |
| 250 | _a1ª ed. | ||
| 260 |
_aMadrid : _bTrivium, _c1985. |
||
| 300 |
_a292 p. ; _c21 cm. |
||
| 852 |
_aES-MaACL _jL-10290 _bR.111553 |
||
| 999 |
_c133022 _d133022 |
||